000 00874nam a2200265Ia 4500
003 OSt
005 20221005113511.0
006 a|||||r|||| 00| 0
007 ta
008 221004b |||||||| |||| 00| 0 pan d
020 _a9788176472913
_c350
024 _a117389
037 _b574, 03/02/2012, H.K. Prakashan
_cTextual
040 _aCRL
_cCRL
_bpan
041 _2pan
_apan
082 _aQ8441:21:g, 153Q1
100 _aਅਮਰੀਕ ਸਿੰਘ
245 0 _aਗੁਰਮਤਿ ਮੋਤੀ
260 _aਲੁਧਿਆਣਾ
_bਲਾਹੌਰ ਬੁੱਕ ਾਪ ਭਾਰਤ
_c2011
300 _a536ਪੰ
_ccm.
650 _a ਸਿੱਖ ਧਰਮ
_9156314
650 _aਧOਰੁ Fਸੱਢ
942 _hQ8441:21:g, 153Q1
_cTEXL
_2cc
999 _c1028386
_d1028386